The illustrated encyclopedia of aquarium fish
| Main Author: | |
|---|---|
| Format: | Book |
| Published: |
London :
The Promotional Reprint ,
1992
|
| Series: | 405 illustrations
|
| Subjects: |
MARC
| LEADER | 00000cam a2200000 7i4500 | ||
|---|---|---|---|
| 001 | 0000002793 | ||
| 002 | 000003024 | ||
| 005 | 20131104.0 | ||
| 020 | |a 1856480631 | ||
| 090 | 0 | 0 | |a 639.8 |b FRA |
| 100 | 1 | |a Frank, Stanislav |f Dr | |
| 245 | 1 | 4 | |a The illustrated encyclopedia of aquarium fish |c Dr Stanislav Frank |
| 260 | |a London : |b The Promotional Reprint , |c 1992 | ||
| 300 | |a 351p. : |b ill. ; |c 23cm. | ||
| 490 | 0 | |a 405 illustrations | |
| 650 | 0 | 0 | |a Aquarium fishes |x Encyclopedias |
| 999 | |a 036396 |b BUKU |c PINJAMAN |e PERPUSTAKAAN KOMUNITI PETALING JAYA | ||